PAÍSES MÁS CÁLIDOS CON EXCEPCIONES - Estadísticas

Estadísticas generales
  • Esta prueba ha sido intentada 25 veces
  • La puntuación promedio es 5 de 10
Estadísticas de respuestas
Temperatura media (ºC) Respuesta % Correcto
27.15 Catar
78%
26.65 Emiratos Árabes Unidos
70%
27.15 Kuwait
70%
26.8 Baréin
52%
28 Maldivas
39%
27.5 Singapur
39%
26.95 Sri Lanka
39%
26.8 Camboya
35%
26.85 Brunéi
30%
26.8 San Vicente y las Granadinas
9%
No se encontraron pruebas coincidentes
Distribución de puntuación
Porcentaje de gente con cada puntuación
Porcentaje por número respondido
Historial de tus puntuaciones
No has intentado esta prueba.